01213 2200217 4500001002100000005001500021035002000036007000300056008004100059020002200100082001100122084001700133100003000150245007200180250001200252260003700264300004900301700002900350520059000379600002600969INLIS00000000000236520260415083118 a0010-0426000043ta260415 j 1 ind  a978-602-9351-46-0 a398.22 a398.22 SIT k0 aSiti Anisah ( Pengarang )1 aKisah para putri dan pangeran /cSiti Anisah; editor, Yenni Saputri aCet.III aSolo :bPustaka Pawiyatan,c2020 a80 hlm :biIus,bergambar,berwarna ;c25,5 cm0 aYenni Saputri ( Editor ) aSelalu ada cerita menarik dari para putri dan pangeran Kisah kisah mereka pun penuh hikmah Seperti kisah Putri Shalina yang bersuara merdu Dia ingin sekali menjadi pemenang lomba membaca Al Qur an hingga mencoba berbagai cara Namun kenyataannya tak seperti yang Putri Shalina bayangkan Wah kenapa ya Ada juga cerita Pangeran Abyan yang suka memelihara binatang Ada kelinci kucing burung dan ikan Pangeran Abyan pun senang bermain dengan mereka Hingga salah satu kelincinya terlihat sakit Apa yang terjadi dengan kelinci PPangeran Abyan ya Yuk cari tahu cerita lengkapnya dalam buku ini 4aDongeng - bacaan anak